[Event "Senior DM 2015"]
[Site "Randers"]
[Date "2015.02.12"]
[Round "6.1"]
[White "Stentebjerg-Hansen, Per"]
[Black "Brautsch, Søren"]
[Result "1-0"]
[LiveChessVersion "1.4.4"]
[BlackElo "2230"]
[WhiteElo "2195"]

1. d4 {[%clk 1:30:53]} d5 {[%clk 1:30:19]} 2. Bf4 {[%clk 1:30:26]} Nc6
{[%clk 1:28:13]} 3. e3 {[%clk 1:29:45]} Nf6 {[%clk 1:28:15]} 4. c4
{[%clk 1:25:41]} e6 {[%clk 1:26:17]} 5. Nc3 {[%clk 1:25:14]} Bd6 {[%clk 1:26:10]}
6. Bg5 {[%clk 1:16:07]} dxc4 {[%clk 1:25:38]} 7. Bxc4 {[%clk 1:16:27]} h6
{[%clk 1:24:35]} 8. Bh4 {[%clk 1:16:50]} O-O {[%clk 1:21:31]} 9. Nf3
{[%clk 1:15:53]} Be7 {[%clk 1:20:48]} 10. O-O {[%clk 1:15:49]} Nd5
{[%clk 1:19:38]} 11. Bg3 {[%clk 1:15:41]} Nxc3 {[%clk 1:19:22]} 12. bxc3
{[%clk 1:16:05]} Bd6 {[%clk 1:19:06]} 13. e4 {[%clk 1:15:06]} Bxg3
{[%clk 1:18:30]} 14. hxg3 {[%clk 1:11:59]} Qe7 {[%clk 1:17:07]} 15. e5
{[%clk 1:12:01]} b6 {[%clk 1:16:57]} 16. Bd3 {[%clk 1:08:58]} Bb7
{[%clk 1:16:09]} 17. Bc2 {[%clk 1:09:18]} Rad8 {[%clk 1:05:20]} 18. Qd3
{[%clk 1:08:29]} g6 {[%clk 1:02:15]} 19. Qe3 {[%clk 1:08:52]} Kg7
{[%clk 1:02:04]} 20. Nh2 {[%clk 1:09:14]} h5 {[%clk 1:00:06]} 21. Qf4
{[%clk 1:01:21]} Rh8 {[%clk 0:55:03]} 22. Nf3 {[%clk 1:00:27]} Nb8
{[%clk 0:53:00]} 23. a4 {[%clk 0:56:52]} a5 {[%clk 0:46:11]} 24. Rfd1
{[%clk 0:56:06]} Nd7 {[%clk 0:42:55]} 25. Rd2 {[%clk 0:53:53]} Rhf8
{[%clk 0:37:30]} 26. Ng5 {[%clk 0:50:08]} Bd5 {[%clk 0:34:07]} 27. Bd3
{[%clk 0:43:41]} c5 {[%clk 0:28:57]} 28. Bb5 {[%clk 0:42:29]} cxd4
{[%clk 0:26:21]} 29. cxd4 {[%clk 0:41:45]} f6 {[%clk 0:25:38]} 30. exf6+
{[%clk 0:41:10]} Nxf6 {[%clk 0:25:35]} 31. Rc2 {[%clk 0:36:12]} Nd7
{[%clk 0:20:23]} 32. Qe3 {[%clk 0:35:42]} Rf5 {[%clk 0:17:09]} 33. f4
{[%clk 0:35:25]} Nf6 {[%clk 0:15:36]} 34. Rac1 {[%clk 0:35:43]} Qd6
{[%clk 0:14:18]} 35. Rc7+ {[%clk 0:35:42]} Kg8 {[%clk 0:14:23]} 36. Nf7
{[%clk 0:35:41]} Ng4 {[%clk 0:14:35]} 37. Nxd6 {[%clk 0:35:57]} Nxe3
{[%clk 0:15:00]} 38. Nxf5 {[%clk 0:36:07]} Nxf5 {[%clk 0:15:21]} 39. Ra7
{[%clk 0:35:43]} Nxd4 {[%clk 0:14:29]} 40. Rcc7 {[%clk 1:03:47]} Nf5
{[%clk 0:43:14]} 41. Bd3 {[%clk 1:03:10]} Bb3 {[%clk 0:42:51]} 42. Bxf5
{[%clk 1:03:29]} gxf5 {[%clk 0:43:06]} 43. Rg7+ {[%clk 1:03:40]} Kh8
{[%clk 0:42:56]} 44. Rh7+ {[%clk 1:04:04]} Kg8 {[%clk 0:43:23]} 45. Rag7+
{[%clk 1:03:55]} Kf8 {[%clk 0:43:45]} 46. Rb7 {[%clk 1:04:00]} Kg8
{[%clk 0:44:11]} 47. Rxh5 {[%clk 1:00:57]} Bxa4 {[%clk 0:42:47]} 48. Rxb6
{[%clk 1:01:11]} Rd1+ {[%clk 0:40:07]} 49. Kf2 {[%clk 1:01:34]} Bd7
{[%clk 0:40:28]} 50. Ke2 {[%clk 1:01:16]} Rd5 {[%clk 0:40:32]} 51. Ke3
{[%clk 1:00:34]} a4 {[%clk 0:40:44]} 52. Rh1 {[%clk 0:55:24]} Kf8
{[%clk 0:37:18]} 53. Rb7 {[%clk 0:51:02]} Ke7 {[%clk 0:34:55]} 54. Rh7+
{[%clk 0:51:07]} Kd8 {[%clk 0:35:20]} 55. Ra7 {[%clk 0:51:20]} Rd1
{[%clk 0:35:24]} 56. Kf2 {[%clk 0:51:18]} Rd4 {[%clk 0:34:36]} 57. Rg7
{[%clk 0:49:08]} Rd5 {[%clk 0:32:52]} 58. g4 {[%clk 0:43:00]} fxg4
{[%clk 0:32:01]} 59. Kg3 {[%clk 0:43:25]} Rd3+ {[%clk 0:31:16]} 60. Kh4
{[%clk 0:43:43]} Rd4 {[%clk 0:28:00]} 61. g3 {[%clk 0:43:58]} Rd1
{[%clk 0:27:29]} 62. Kg5 {[%clk 0:44:14]} Rd5+ {[%clk 0:27:26]} 63. Kxg4
{[%clk 0:41:25]} e5+ {[%clk 0:26:47]} 64. f5 {[%clk 0:39:54]} e4 {[%clk 0:25:21]}
65. Kf4 {[%clk 0:40:02]} 1-0

[Event "Senior DM 2015"]
[Site "Randers"]
[Date "2015.02.12"]
[Round "6.2"]
[White "Nielsen, John Bauneborg"]
[Black "Larsen, Flemming Bo"]
[Result "1-0"]
[LiveChessVersion "1.4.4"]
[BlackElo "2164"]
[WhiteElo "2090"]

1. d4 {[%clk 1:30:55]} Nf6 {[%clk 1:30:42]} 2. c4 {[%clk 1:31:19]} b6
{[%clk 1:30:34]} 3. Nc3 {[%clk 1:31:02]} Bb7 {[%clk 1:30:50]} 4. f3
{[%clk 1:30:18]} d5 {[%clk 1:31:04]} 5. cxd5 {[%clk 1:30:39]} Nxd5
{[%clk 1:31:29]} 6. e4 {[%clk 1:30:55]} Nxc3 {[%clk 1:31:36]} 7. bxc3
{[%clk 1:31:19]} e6 {[%clk 1:31:57]} 8. Bd3 {[%clk 1:27:43]} c5 {[%clk 1:29:21]}
9. Ne2 {[%clk 1:27:21]} cxd4 {[%clk 1:28:50]} 10. cxd4 {[%clk 1:27:44]} Bb4+
{[%clk 1:28:33]} 11. Bd2 {[%clk 1:22:11]} Bxd2+ {[%clk 1:28:15]} 12. Qxd2
{[%clk 1:22:35]} O-O {[%clk 1:28:17]} 13. O-O {[%clk 1:18:23]} Nc6
{[%clk 1:27:55]} 14. Bb5 {[%clk 1:15:57]} Qe7 {[%clk 1:20:57]} 15. Rac1
{[%clk 1:11:01]} Rac8 {[%clk 1:16:57]} 16. Rc4 {[%clk 0:53:44]} Na5
{[%clk 1:05:58]} 17. Rxc8 {[%clk 0:53:02]} Rxc8 {[%clk 1:06:22]} 18. Rc1
{[%clk 0:53:10]} Rxc1+ {[%clk 1:05:43]} 19. Qxc1 {[%clk 0:51:58]} Qb4
{[%clk 0:59:50]} 20. Bd3 {[%clk 0:46:58]} Nc6 {[%clk 0:53:55]} 21. a3
{[%clk 0:34:18]} Qd6 {[%clk 0:47:06]} 22. Qc3 {[%clk 0:34:04]} a6
{[%clk 0:45:38]} 23. g3 {[%clk 0:31:54]} b5 {[%clk 0:33:56]} 24. Kf2
{[%clk 0:30:06]} b4 {[%clk 0:27:37]} 25. axb4 {[%clk 0:30:17]} Nxb4
{[%clk 0:27:30]} 26. Ke3 {[%clk 0:25:45]} g5 {[%clk 0:25:10]} 27. Qc5
{[%clk 0:24:52]} Qxc5 {[%clk 0:23:04]} 28. dxc5 {[%clk 0:25:15]} Kf8
{[%clk 0:18:04]} 29. Nd4 {[%clk 0:22:10]} Ke7 {[%clk 0:16:06]} 30. Nb3
{[%clk 0:22:03]} Nc6 {[%clk 0:14:54]} 31. f4 {[%clk 0:21:38]} gxf4+
{[%clk 0:14:00]} 32. gxf4 {[%clk 0:20:38]} e5 {[%clk 0:12:28]} 33. f5
{[%clk 0:18:51]} a5 {[%clk 0:11:14]} 34. Bb5 {[%clk 0:18:48]} Na7
{[%clk 0:11:00]} 35. Nxa5 {[%clk 0:15:11]} Nxb5 {[%clk 0:10:36]} 36. Nxb7
{[%clk 0:15:24]} Kd7 {[%clk 0:08:46]} 37. Kd3 {[%clk 0:14:02]} Ke7
{[%clk 0:06:57]} 38. Kc4 {[%clk 0:13:00]} Nc7 {[%clk 0:07:21]} 39. Nd6
{[%clk 0:12:27]} Kf6 {[%clk 0:07:23]} 40. Nb5 {[%clk 0:42:36]} Na6
{[%clk 0:37:39]} 41. Kd5 {[%clk 0:41:13]} Kg5 {[%clk 0:37:48]} 42. c6 1-0

[Event "Senior DM 2015"]
[Site "Randers"]
[Date "2015.02.12"]
[Round "6.3"]
[White "Schleicher-Christensen, Jan"]
[Black "Rossen, Claus"]
[Result "1-0"]
[LiveChessVersion "1.4.4"]
[BlackElo "2092"]
[WhiteElo "2189"]

1. d4 {[%clk 1:30:57]} Nf6 {[%clk 1:30:54]} 2. Nf3 {[%clk 1:31:23]} e6
{[%clk 1:30:58]} 3. e3 {[%clk 1:31:18]} b6 {[%clk 1:30:59]} 4. Bd3
{[%clk 1:31:20]} Bb7 {[%clk 1:31:24]} 5. O-O {[%clk 1:31:41]} Be7
{[%clk 1:31:09]} 6. c4 {[%clk 1:31:03]} O-O {[%clk 1:30:41]} 7. Nc3
{[%clk 1:30:38]} d6 {[%clk 1:31:03]} 8. b3 {[%clk 1:28:51]} Nbd7 {[%clk 1:31:09]}
9. Bb2 {[%clk 1:26:39]} c5 {[%clk 1:30:47]} 10. d5 {[%clk 1:20:10]} e5
{[%clk 1:27:06]} 11. Nd2 {[%clk 1:18:54]} Re8 {[%clk 1:20:15]} 12. f4
{[%clk 1:16:52]} exf4 {[%clk 1:19:04]} 13. exf4 {[%clk 1:16:45]} Nf8
{[%clk 1:17:46]} 14. Qf3 {[%clk 1:15:25]} Bc8 {[%clk 1:11:33]} 15. h3
{[%clk 1:14:22]} Ng6 {[%clk 1:09:55]} 16. g4 {[%clk 1:07:18]} h6 {[%clk 0:57:58]}
17. Rae1 {[%clk 1:02:21]} Nd7 {[%clk 0:54:29]} 18. Bxg6 {[%clk 0:47:46]} fxg6
{[%clk 0:54:44]} 19. Nde4 {[%clk 0:43:51]} Nf6 {[%clk 0:43:01]} 20. Nb5
{[%clk 0:39:27]} Bd7 {[%clk 0:31:31]} 21. Nbxd6 {[%clk 0:32:29]} Bxd6
{[%clk 0:30:24]} 22. Nxd6 {[%clk 0:30:20]} Bxg4 {[%clk 0:29:28]} 23. hxg4
{[%clk 0:26:58]} Qxd6 {[%clk 0:29:09]} 24. Re5 {[%clk 0:25:04]} g5
{[%clk 0:20:37]} 25. Rfe1 {[%clk 0:22:00]} gxf4 {[%clk 0:17:35]} 26. Re6
{[%clk 0:21:47]} Qf8 {[%clk 0:12:24]} 27. Qxf4 {[%clk 0:17:48]} Rxe6
{[%clk 0:08:28]} 28. Rxe6 {[%clk 0:16:55]} Re8 {[%clk 0:05:19]} 29. Qf5
{[%clk 0:15:37]} Rxe6 {[%clk 0:04:49]} 30. Qxe6+ {[%clk 0:14:51]} Qf7
{[%clk 0:04:55]} 31. Be5 {[%clk 0:14:43]} Qxe6 {[%clk 0:04:12]} 32. dxe6
{[%clk 0:15:08]} a6 {[%clk 0:02:00]} 33. Bc7 {[%clk 0:12:16]} b5 {[%clk 0:01:58]}
34. cxb5 {[%clk 0:12:24]} axb5 {[%clk 0:02:27]} 35. a4 {[%clk 0:12:48]} Nd5
{[%clk 0:01:18]} 36. Be5 {[%clk 0:12:16]} bxa4 {[%clk 0:01:09]} 37. bxa4
{[%clk 0:12:32]} Nb4 {[%clk 0:00:39]} 38. Bd6 {[%clk 0:11:53]} Na6
{[%clk 0:00:51]} 39. Kf2 {[%clk 0:11:54]} g6 {[%clk 0:00:44]} 40. Ke3
{[%clk 0:41:52]} Kg7 {[%clk 0:31:09]} 41. Ke4 {[%clk 0:41:30]} Kf6
{[%clk 0:31:29]} 42. e7 {[%clk 0:41:16]} Kf7 {[%clk 0:31:56]} 43. Kd5
{[%clk 0:40:35]} h5 {[%clk 0:29:01]} 44. gxh5 {[%clk 0:38:11]} gxh5
{[%clk 0:29:24]} 45. Kc6 {[%clk 0:38:24]} Ke8 {[%clk 0:29:46]} 46. Kb5
{[%clk 0:37:01]} h4 {[%clk 0:29:15]} 47. a5 {[%clk 0:35:25]} h3 {[%clk 0:17:45]}
48. Kxa6 {[%clk 0:34:55]} c4 {[%clk 0:17:51]} 49. Kb6 {[%clk 0:32:25]} c3
{[%clk 0:18:02]} 50. a6 {[%clk 0:32:39]} c2 {[%clk 0:18:21]} 51. a7
{[%clk 0:32:44]} 1-0

[Event "Senior DM 2015"]
[Site "Randers"]
[Date "2015.02.12"]
[Round "6.4"]
[White "Kølbæk, Jens"]
[Black "Sloth, Jørn"]
[Result "1/2-1/2"]
[LiveChessVersion "1.4.4"]
[BlackElo "2294"]
[WhiteElo "2197"]

1. e4 {[%clk 1:30:50]} c5 {[%clk 1:29:56]} 2. Nf3 {[%clk 1:31:10]} g6
{[%clk 1:30:17]} 3. Nc3 {[%clk 1:30:32]} Bg7 {[%clk 1:29:56]} 4. d4
{[%clk 1:28:01]} cxd4 {[%clk 1:30:05]} 5. Nxd4 {[%clk 1:28:24]} Nc6
{[%clk 1:30:33]} 6. Be3 {[%clk 1:28:12]} Nf6 {[%clk 1:30:53]} 7. Be2
{[%clk 1:28:15]} O-O {[%clk 1:30:56]} 8. O-O {[%clk 1:28:39]} d5 {[%clk 1:30:28]}
9. exd5 {[%clk 1:24:03]} Nb4 {[%clk 1:29:34]} 10. Bf3 {[%clk 1:14:42]} Nfxd5
{[%clk 1:25:19]} 11. Nxd5 {[%clk 1:15:03]} Nxd5 {[%clk 1:25:30]} 12. Bg5
{[%clk 1:11:47]} h6 {[%clk 1:20:49]} 13. Bh4 {[%clk 1:07:39]} Nf4
{[%clk 1:07:55]} 14. c3 {[%clk 1:05:16]} Qc7 {[%clk 1:05:15]} 15. Bg3
{[%clk 0:53:53]} e5 {[%clk 1:00:43]} 16. Bxf4 {[%clk 0:54:05]} exf4
{[%clk 1:00:34]} 17. Qb3 {[%clk 0:51:25]} Rb8 {[%clk 0:58:14]} 1/2-1/2

[Event "Senior DM 2015"]
[Site "Randers"]
[Date "2015.02.12"]
[Round "6.5"]
[White "Hvenekilde, Jørgen"]
[Black "Bauner, Jan"]
[Result "1/2-1/2"]
[LiveChessVersion "1.4.4"]
[BlackElo "1973"]
[WhiteElo "2087"]

1. e4 {[%clk 1:30:55]} c6 {[%clk 1:30:55]} 2. d4 {[%clk 1:28:45]} d5
{[%clk 1:31:23]} 3. Nc3 {[%clk 1:28:20]} b5 {[%clk 1:31:41]} 4. exd5
{[%clk 1:22:53]} b4 {[%clk 1:32:09]} 5. Nce2 {[%clk 1:23:06]} cxd5
{[%clk 1:32:27]} 6. Ng3 {[%clk 1:18:44]} e6 {[%clk 1:32:31]} 7. Nf3
{[%clk 1:18:43]} Bd6 {[%clk 1:30:27]} 8. Bd3 {[%clk 1:18:18]} Nf6
{[%clk 1:27:49]} 9. O-O {[%clk 1:17:09]} O-O {[%clk 1:25:38]} 10. Re1
{[%clk 1:16:16]} h6 {[%clk 1:21:48]} 11. Ne5 {[%clk 1:10:30]} a5 {[%clk 1:21:25]}
12. Nh5 {[%clk 1:07:04]} Ba6 {[%clk 1:12:44]} 13. Bxa6 {[%clk 0:51:49]} Rxa6
{[%clk 1:12:57]} 14. Nxf6+ {[%clk 0:50:00]} Qxf6 {[%clk 1:13:16]} 15. Re3
{[%clk 0:50:06]} Bxe5 {[%clk 1:01:43]} 16. dxe5 {[%clk 0:50:17]} Qf5
{[%clk 1:01:22]} 17. a3 {[%clk 0:37:08]} 1/2-1/2

[Event "Senior DM 2015"]
[Site "Randers"]
[Date "2015.02.12"]
[Round "6.6"]
[White "Jørgensen, Jørgen"]
[Black "Holst, Per"]
[Result "1/2-1/2"]
[LiveChessVersion "1.4.4"]
[BlackElo "2020"]
[WhiteElo "2167"]

1. Nf3 {[%clk 1:30:55]} c5 {[%clk 1:30:51]} 2. c4 {[%clk 1:30:49]} g6
{[%clk 1:29:56]} 3. d4 {[%clk 1:30:09]} Bg7 {[%clk 1:29:55]} 4. e4
{[%clk 1:30:05]} cxd4 {[%clk 1:28:55]} 5. Nxd4 {[%clk 1:30:24]} Nc6
{[%clk 1:28:47]} 6. Be3 {[%clk 1:30:41]} Nf6 {[%clk 1:28:20]} 7. Nc3
{[%clk 1:31:01]} O-O {[%clk 1:26:28]} 8. Be2 {[%clk 1:31:07]} d6 {[%clk 1:25:29]}
9. O-O {[%clk 1:30:43]} Nxd4 {[%clk 1:23:43]} 10. Bxd4 {[%clk 1:31:02]} Bd7
{[%clk 1:23:56]} 11. b4 {[%clk 1:22:00]} Bc6 {[%clk 1:17:08]} 12. b5
{[%clk 1:04:02]} Bd7 {[%clk 1:06:59]} 13. c5 {[%clk 0:50:46]} e5 {[%clk 0:57:46]}
14. Be3 {[%clk 0:50:53]} dxc5 {[%clk 0:57:56]} 15. Bxc5 {[%clk 0:50:34]} Re8
{[%clk 0:57:50]} 16. Qb3 {[%clk 0:38:20]} Be6 {[%clk 0:55:54]} 17. Qb2
{[%clk 0:37:36]} Qc7 {[%clk 0:43:23]} 18. Be3 {[%clk 0:37:38]} Rac8
{[%clk 0:39:36]} 19. Rac1 {[%clk 0:37:26]} Qa5 {[%clk 0:39:02]} 20. Bd2
{[%clk 0:36:54]} Qb6 {[%clk 0:38:01]} 21. Be3 {[%clk 0:24:55]} Qa5
{[%clk 0:38:17]} 22. a4 {[%clk 0:17:41]} Bf8 {[%clk 0:33:11]} 23. Bg5
{[%clk 0:16:25]} Nd7 {[%clk 0:29:20]} 24. Nd5 {[%clk 0:12:46]} Qxa4
{[%clk 0:21:43]} 25. Ra1 {[%clk 0:10:57]} Qc2 {[%clk 0:17:32]} 26. Qxc2
{[%clk 0:11:04]} Rxc2 {[%clk 0:18:00]} 27. Bd1 {[%clk 0:09:26]} Rb2
{[%clk 0:11:32]} 28. Nc7 {[%clk 0:09:31]} Rc8 {[%clk 0:10:33]} 29. Nxe6
{[%clk 0:09:53]} fxe6 {[%clk 0:10:53]} 30. Rxa7 {[%clk 0:10:17]} Nc5
{[%clk 0:10:37]} 31. Be3 {[%clk 0:06:50]} Rxb5 {[%clk 0:09:56]} 32. Bg4
{[%clk 0:07:03]} h5 {[%clk 0:09:10]} 33. Bf3 {[%clk 0:07:27]} Na6
{[%clk 0:08:16]} 34. Be2 {[%clk 0:07:18]} Rb2 {[%clk 0:05:13]} 35. Bxa6
{[%clk 0:07:21]} bxa6 {[%clk 0:05:37]} 36. Rxa6 {[%clk 0:07:44]} Kf7
{[%clk 0:03:26]} 37. Ra7+ {[%clk 0:07:45]} Ke8 {[%clk 0:03:33]} 38. h4
{[%clk 0:07:48]} Be7 {[%clk 0:02:14]} 39. g3 {[%clk 0:07:52]} Rcc2
{[%clk 0:02:10]} 40. Rd1 {[%clk 0:37:28]} Ra2 {[%clk 0:31:58]} 41. Rxa2
{[%clk 0:32:58]} Rxa2 {[%clk 0:32:14]} 42. Kg2 {[%clk 0:33:22]} Bb4
{[%clk 0:28:24]} 43. Rc1 {[%clk 0:30:34]} Kd7 {[%clk 0:16:29]} 44. Rb1
{[%clk 0:24:42]} Be7 {[%clk 0:14:44]} 45. Rb8 {[%clk 0:23:58]} Bd8
{[%clk 0:11:46]} 46. Rb7+ {[%clk 0:10:41]} Bc7 {[%clk 0:11:16]} 47. Bb6
{[%clk 0:10:53]} Rc2 {[%clk 0:11:40]} 48. Bxc7 {[%clk 0:11:07]} Rxc7
{[%clk 0:12:00]} 49. Rb5 {[%clk 0:11:34]} Kd6 {[%clk 0:11:59]} 50. Rb8
{[%clk 0:11:58]} Ke7 {[%clk 0:12:13]} 51. Rb5 {[%clk 0:06:40]} 1/2-1/2

[Event "Senior DM 2015"]
[Site "Randers"]
[Date "2015.02.12"]
[Round "6.7"]
[White "Sørensen, Bent"]
[Black "Jørgensen, Arne Bjørn"]
[Result "1-0"]
[LiveChessVersion "1.4.4"]
[BlackElo "1955"]
[WhiteElo "2196"]

1. Nf3 {[%clk 1:30:53]} f5 {[%clk 1:30:56]} 2. b3 {[%clk 1:30:53]} Nf6
{[%clk 1:31:06]} 3. Bb2 {[%clk 1:31:09]} e6 {[%clk 1:30:08]} 4. e3
{[%clk 1:28:38]} d5 {[%clk 1:29:51]} 5. Be2 {[%clk 1:27:49]} Bd6 {[%clk 1:29:37]}
6. O-O {[%clk 1:27:41]} O-O {[%clk 1:29:59]} 7. c4 {[%clk 1:27:08]} c6
{[%clk 1:29:07]} 8. d4 {[%clk 1:26:20]} Nbd7 {[%clk 1:26:24]} 9. Ne5
{[%clk 1:22:08]} Qe7 {[%clk 1:23:48]} 10. f3 {[%clk 1:17:30]} Kh8
{[%clk 1:17:53]} 11. Nd2 {[%clk 1:16:38]} Rg8 {[%clk 1:13:44]} 12. Qc2
{[%clk 1:13:03]} Nf8 {[%clk 1:11:09]} 13. e4 {[%clk 1:11:29]} dxe4
{[%clk 1:02:16]} 14. fxe4 {[%clk 1:11:12]} Bxe5 {[%clk 1:01:08]} 15. dxe5
{[%clk 1:11:11]} Nxe4 {[%clk 0:59:34]} 16. Nxe4 {[%clk 1:11:13]} fxe4
{[%clk 0:59:48]} 17. Qxe4 {[%clk 1:10:31]} Bd7 {[%clk 0:58:38]} 18. Rad1
{[%clk 1:03:53]} Be8 {[%clk 0:53:43]} 19. Rd6 {[%clk 0:55:28]} Bg6
{[%clk 0:45:42]} 20. Qd4 {[%clk 0:54:37]} h6 {[%clk 0:37:32]} 21. Bf3
{[%clk 0:49:10]} Bf5 {[%clk 0:32:35]} 22. Bh5 {[%clk 0:44:30]} g6
{[%clk 0:24:00]} 23. Be2 {[%clk 0:44:12]} g5 {[%clk 0:23:28]} 24. Bh5
{[%clk 0:39:23]} Rg7 {[%clk 0:21:07]} 25. Rxf5 {[%clk 0:35:31]} exf5
{[%clk 0:20:15]} 26. e6 {[%clk 0:35:32]} Nxe6 {[%clk 0:15:31]} 27. Rxe6
{[%clk 0:35:33]} Qc7 {[%clk 0:15:18]} 28. Rxh6+ {[%clk 0:34:07]} Kg8
{[%clk 0:15:32]} 29. Qxg7+ {[%clk 0:34:18]} Qxg7 {[%clk 0:15:56]} 30. Bxg7
{[%clk 0:34:42]} Kxg7 {[%clk 0:16:19]} 31. Rg6+ 1-0

[Event "Senior DM 2015"]
[Site "Randers"]
[Date "2015.02.12"]
[Round "6.8"]
[White "Pedersen, Jan Rode"]
[Black "Zachariassen, John"]
[Result "1-0"]
[LiveChessVersion "1.4.4"]
[BlackElo "2009"]
[WhiteElo "2218"]

1. e4 d6 2. d4 {[%clk 1:30:36]} c6 {[%clk 1:30:49]} 3. Nc3 {[%clk 1:29:18]} Nd7
{[%clk 1:30:21]} 4. f4 {[%clk 1:28:41]} Qc7 {[%clk 1:28:54]} 5. Nf3
{[%clk 1:28:57]} g6 {[%clk 1:27:32]} 6. Bd3 {[%clk 1:25:49]} Bg7 {[%clk 1:27:42]}
7. O-O {[%clk 1:26:01]} Qb6 {[%clk 1:27:23]} 8. Ne2 {[%clk 1:21:27]} Nf8
{[%clk 1:23:22]} 9. Kh1 {[%clk 1:20:06]} Bg4 {[%clk 1:22:50]} 10. c3
{[%clk 1:20:03]} Nf6 {[%clk 1:19:38]} 11. Ng3 {[%clk 1:16:11]} h5
{[%clk 1:17:44]} 12. Ne2 {[%clk 1:15:19]} d5 {[%clk 1:08:27]} 13. exd5
{[%clk 0:56:20]} cxd5 {[%clk 1:05:56]} 14. Qc2 {[%clk 0:56:18]} Bxf3
{[%clk 1:04:49]} 15. Rxf3 {[%clk 0:56:25]} h4 {[%clk 1:03:58]} 16. f5
{[%clk 0:54:35]} gxf5 {[%clk 1:01:17]} 17. Bxf5 {[%clk 0:54:14]} Ne6
{[%clk 1:01:07]} 18. Nf4 {[%clk 0:50:50]} Nxf4 {[%clk 0:57:21]} 19. Bxf4
{[%clk 0:51:01]} Qc6 {[%clk 0:56:31]} 20. Re1 {[%clk 0:49:37]} Kf8
{[%clk 0:55:03]} 21. Rh3 {[%clk 0:44:14]} e6 {[%clk 0:49:35]} 22. Bd3
{[%clk 0:43:37]} Ng4 {[%clk 0:47:02]} 23. Kg1 {[%clk 0:39:34]} Re8
{[%clk 0:40:28]} 24. Qe2 {[%clk 0:38:43]} 1-0

[Event "Senior DM 2015"]
[Site "Randers"]
[Date "2015.02.12"]
[Round "6.9"]
[White "Pedersen, Børge"]
[Black "Bjerre, Per"]
[Result "1-0"]
[LiveChessVersion "1.4.4"]
[BlackElo "1561"]
[WhiteElo "2031"]

1. e4 {[%clk 1:30:53]} e5 {[%clk 1:29:36]} 2. Nf3 {[%clk 1:31:00]} Nc6
{[%clk 1:29:29]} 3. Bb5 {[%clk 1:30:58]} d6 {[%clk 1:28:01]} 4. d4
{[%clk 1:30:35]} Bd7 {[%clk 1:28:17]} 5. d5 {[%clk 1:28:51]} Nce7
{[%clk 1:28:31]} 6. Bxd7+ {[%clk 1:24:38]} Qxd7 {[%clk 1:28:50]} 7. Nc3
{[%clk 1:22:52]} c6 {[%clk 1:25:44]} 8. O-O {[%clk 1:17:23]} g6 {[%clk 1:25:49]}
9. Qd3 {[%clk 1:16:15]} Bg7 {[%clk 1:25:38]} 10. dxc6 {[%clk 1:14:02]} bxc6
{[%clk 1:23:40]} 11. Rd1 {[%clk 1:13:40]} Rd8 {[%clk 1:23:41]} 12. Be3
{[%clk 1:10:55]} Nf6 {[%clk 1:21:51]} 13. Qa6 {[%clk 1:05:32]} O-O
{[%clk 1:18:51]} 14. Nxe5 {[%clk 1:04:02]} Qc8 {[%clk 1:18:56]} 15. Qxc8
{[%clk 1:04:15]} Rxc8 {[%clk 1:18:38]} 16. Nf3 {[%clk 1:03:02]} Rfd8
{[%clk 1:17:14]} 17. Bxa7 {[%clk 1:02:52]} Rd7 {[%clk 1:16:11]} 18. Bd4
{[%clk 1:01:30]} c5 {[%clk 1:14:27]} 19. Bxf6 {[%clk 0:59:42]} Bxf6
{[%clk 1:13:59]} 20. e5 {[%clk 0:59:51]} Bg7 {[%clk 1:14:18]} 21. exd6
{[%clk 0:57:51]} Bxc3 {[%clk 1:13:19]} 22. dxe7 {[%clk 0:57:43]} Rxe7 23. bxc3
Rb7 {[%clk 1:09:17]} 24. Rab1 {[%clk 0:52:20]} 1-0

[Event "Senior DM 2015"]
[Site "Randers"]
[Date "2015.02.12"]
[Round "6.10"]
[White "Pedersen, Kurt"]
[Black "Mostrup, Jørn"]
[Result "1/2-1/2"]
[LiveChessVersion "1.4.4"]
[BlackElo "2060"]
[WhiteElo "1727"]

1. e4 {[%clk 1:30:56]} c5 {[%clk 1:30:56]} 2. Nf3 {[%clk 1:31:12]} d6
{[%clk 1:31:21]} 3. d4 {[%clk 1:31:34]} cxd4 {[%clk 1:31:48]} 4. Nxd4
{[%clk 1:31:55]} Nf6 {[%clk 1:32:15]} 5. Nc3 {[%clk 1:31:52]} a6 {[%clk 1:32:40]}
6. Be2 {[%clk 1:30:49]} e5 {[%clk 1:33:00]} 7. Nf3 {[%clk 1:28:16]} Be7
{[%clk 1:32:51]} 8. O-O {[%clk 1:28:14]} O-O {[%clk 1:32:27]} 9. h3
{[%clk 1:27:56]} b5 {[%clk 1:30:41]} 10. Nd5 {[%clk 1:26:08]} Nxe4
{[%clk 1:26:30]} 11. Be3 {[%clk 1:21:54]} Nc5 {[%clk 1:09:05]} 12. Qd2
{[%clk 1:13:38]} Be6 {[%clk 0:56:08]} 13. Rfd1 {[%clk 1:09:26]} Bxd5
{[%clk 0:46:58]} 14. Qxd5 {[%clk 1:09:12]} Nbd7 {[%clk 0:44:11]} 15. c4
{[%clk 1:02:14]} Nf6 {[%clk 0:42:56]} 16. Qd2 {[%clk 1:01:37]} Nce4
{[%clk 0:38:42]} 17. Qe1 {[%clk 0:59:36]} Rb8 {[%clk 0:36:26]} 18. cxb5
{[%clk 0:58:20]} axb5 {[%clk 0:36:21]} 19. Nxe5 {[%clk 0:58:11]} Qe8
{[%clk 0:33:35]} 20. Ng4 {[%clk 0:50:45]} Nxg4 {[%clk 0:32:23]} 21. hxg4
{[%clk 0:50:31]} Bf6 {[%clk 0:31:18]} 22. Qb4 {[%clk 0:50:08]} Qe5
{[%clk 0:29:29]} 23. Bf3 {[%clk 0:46:41]} Ng5 {[%clk 0:24:47]} 24. Qxd6
{[%clk 0:44:03]} Nxf3+ {[%clk 0:22:55]} 25. gxf3 {[%clk 0:44:08]} Qxd6
{[%clk 0:22:01]} 1/2-1/2